| 000 | 00398nam a2200097Ia 4500 | ||
|---|---|---|---|
| 008 | 220216s9999 xx 000 0 und d | ||
| 100 | _aRichardson C G | ||
| 245 | 0 | _aCompounding of wire and cable products: Consistency and reproducibility, the art of success | |
| 260 |
_bProceedings of the International Conference on Rubbers, Calcutta, December 12-14 1997, Vol. III, pp. 143-146. _c1997 |
||
| 942 | _cJS | ||
| 999 |
_c56113 _d56113 |
||